000 00429nam a2200169Ia 4500
008 221030s9999 xx 000 0 und d
020 _a8185614407
041 _aEnglish
082 _a105.23
_bSub
100 _aN. Subramanian
245 0 _aProgramming For BASIC including IBM PC Basic
_cby N. Subramanian
250 _a4th
260 _bWheeler Pub.
_aNew Delhi
_c1996
300 _a227
650 _aBE Computer
942 _cBK
999 _c5842
_d5842